Personnalités dont le nom commence par la lettre A (par images) - Statistiques

Statistiques générales
  • Ce quiz a été pris 845 fois
    632 depuis la dernière actualisation
  • Le résultat moyen est 12 sur 20
Statistiques - réponses
Par images Réponse % Correct
Mohamed Ali
98%
Adèle
92%
Charles Aznavour
91%
Nikos Aliagas
88%
Gabriel Attal
84%
Jennifer Aniston
80%
Neil Armstrong
80%
Amir
78%
Alizée
65%
Jean-Louis Aubert
56%
Avicii
53%
Ary Abittan
49%
Alexandre Astier
48%
Daniel Auteuil
43%
Ben Affleck
41%
Sergio Agüero
40%
Rowan Atkinson
33%
Woody Allen
29%
Giánnis Antetokoúnmpo
22%
Pedro Almodovar
14%
Aucun quiz correspondant
Distribution des résultats
% des personnes avec chaque résultat
Percentile par nombre de réponses
Votre historique - résultats
Vous n’avez pas pris ce quiz depuis la dernière actualisation